00696nam a2200157 a 450000100100000000500170001000800410002704000250006811101390009324500650023226000900029730000200038704900090040795201050041699900170052100002681120200930030427.0110325s1984 dr 000 0 spa d aDO-SdBNPbspacBNPHU1 aSeminario internacional, reclamaciones en la construcción situaciones y solucionesd(1984:cSanto Domingo :n23-25 noviembre)95392710aReclamaciones en la construcción situaciones y soluciones. a[Santo Domingo] :bColegio Dominicano de Ingenieros y Agrimensores (CODIA),c[1984?]. a65 p. ;c28 cm. aBNPD 0010718PDaPDbPDcHDd2011-03-25iLF1l0o p26811-10r2020-06-25w2020-06-25yLFPDZNo se presta c26303d26303